[Event "Montcalm 4 2024-25"]
[Site "Quebec CAN"]
[Date "2025.01.23"]
[Round "3"]
[White "Duguay-Piron, Simon"]
[Black "Demushkina, Alina"]
[Result "1/2-1/2"]
[WhiteElo "1866"]
[BlackElo "1783"]
[WhiteFideId "-1"]
[WhiteFideId "-1"]
[PlyCount "53"]
[GameId "2138022317494273"]
[EventDate "2025.01.09"]
[EventType "swiss"]
[EventRounds "5"]
[EventCountry "CAN"]

1. e4 c5 2. Nf3 Nc6 3. d4 cxd4 4. Nxd4 Nf6 5. Nc3 a6 6. g4 d5 7. Nxc6 bxc6 8. g5 Nxe4 9. Nxe4 dxe4 10. Qxd8+ Kxd8 11. Bc4 e6 12. Be3 Bd6 13. O-O-O Ke7 14. Rd4 Bb7 15. Rhd1 Rad8 16. Rxe4 Bxh2 17. Bd4 e5 18. Bc5+ Ke8 19. Rde1 Kd7 20. Bxf7 Bf4+ 21. Kb1 Bxg5 22. Rxe5 Bf6 23. R5e4 Kc7 24. Be7 Bxe7 25. Rxe7+ Rd7 26. f4 Bc8 27. Kc1 1/2-1/2

[Event "Montcalm 4 2024-25"]
[Site "Quebec CAN"]
[Date "2025.01.23"]
[Round "3"]
[White "Fecteau, Martin"]
[Black "Fortin, Claude"]
[Result "1-0"]
[WhiteElo "1744"]
[BlackElo "1424"]
[WhiteFideId "-1"]
[WhiteFideId "-1"]
[PlyCount "87"]
[GameId "2138022317494280"]
[EventDate "2025.01.09"]
[EventType "swiss"]
[EventRounds "5"]
[EventCountry "CAN"]

1. d4 d5 2. Nf3 e6 3. g3 Nf6 4. Bg2 Be7 5. c4 c6 6. Qc2 b6 7. O-O O-O 8. b3 Bb7 9. Bb2 Nbd7 10. Nbd2 c5 11. e3 Rc8 12. Rac1 cxd4 13. Nxd4 Ba6 14. Qb1 dxc4 15. Nxc4 Bxc4 16. bxc4 Nc5 17. Nc6 Qc7 18. Nxe7+ Qxe7 19. Bd4 Rfd8 20. Rfd1 Nfd7 21. Ba1 f6 22. Rd4 Nf8 23. Rcd1 Rxd4 24. exd4 Ncd7 25. Qb3 Rd8 26. Bb2 Nb8 27. Ba3 Qc7 28. d5 e5 29. d6 Qd7 30. c5+ Kh8 31. cxb6 axb6 32. Qxb6 Ne6 33. Bh3 Rc8 34. Qb3 Re8 35. Bxe6 Qxe6 36. Qxe6 Rxe6 37. d7 Nxd7 38. Rxd7 g6 39. Bf8 Ra6 40. a3 Kg8 41. Bb4 Ra8 42. Kf1 e4 43. Ke2 f5 44. Ke3 1-0

[Event "Montcalm 4 2024-25"]
[Site "Quebec CAN"]
[Date "2025.01.23"]
[Round "3"]
[White "Fleury, Dominic"]
[Black "Mercure, Gilbert"]
[Result "0-1"]
[WhiteElo "1310"]
[BlackElo "1705"]
[WhiteFideId "-1"]
[WhiteFideId "-1"]
[PlyCount "56"]
[GameId "2138022317494284"]
[EventDate "2025.01.09"]
[EventType "swiss"]
[EventRounds "5"]
[EventCountry "CAN"]

1. e4 d5 2. exd5 Nf6 3. Nf3 Bg4 4. Be2 Qxd5 5. Nc3 Qh5 6. d4 Nc6 7. Bf4 O-O-O 8. h3 e5 9. Nxe5 Rxd4 10. Bxg4+ Nxg4 11. Qxg4+ Qxg4 12. Nxg4 Rxf4 13. O-O-O h5 14. Rhe1 Bb4 15. Nd5 Bxe1 16. Nxf4 hxg4 17. Rxe1 g5 18. Nd5 gxh3 19. g3 h2 20. Rh1 Ne5 21. Ne3 f5 22. Nf1 Nf3 23. Kd1 g4 24. c3 Re8 25. Nxh2 Rh8 26. Ke2 Rxh2 27. Rxh2 Nxh2 28. Ke3 Kd7 0-1

[Event "Montcalm 4 2024-25"]
[Site "Quebec CAN"]
[Date "2025.01.23"]
[Round "3"]
[White "Gaulin, Gaetan"]
[Black "Laflamme, Simon"]
[Result "1/2-1/2"]
[WhiteElo "1921"]
[BlackElo "1739"]
[WhiteFideId "-1"]
[WhiteFideId "-1"]
[PlyCount "52"]
[GameId "2138022317494276"]
[EventDate "2025.01.09"]
[EventType "swiss"]
[EventRounds "5"]
[EventCountry "CAN"]

1. Nf3 d5 2. d4 Nf6 3. g3 e6 4. Bg2 Be7 5. O-O O-O 6. c4 dxc4 7. Ne5 Nc6 8. Nxc6 bxc6 9. Nc3 Nd5 10. Qa4 Nb6 11. Qxc6 Rb8 12. Qe4 Bb7 13. Qe3 Bxg2 14. Kxg2 Nd5 15. Qe4 Bf6 16. Rd1 c5 17. e3 cxd4 18. exd4 Qd7 19. Qe2 Rfc8 20. Ne4 Be7 21. h4 c3 22. Nxc3 Rxc3 23. bxc3 Nxc3 24. Qf3 Nxd1 25. Qxd1 Bf6 26. Be3 Qd5+ 1/2-1/2

[Event "Montcalm 4 2024-25"]
[Site "Quebec CAN"]
[Date "2025.01.23"]
[Round "3"]
[White "Michaud, Jacques"]
[Black "Burigusa, Guillaume"]
[Result "1-0"]
[WhiteElo "1488"]
[BlackElo "1134"]
[WhiteFideId "-1"]
[WhiteFideId "-1"]
[PlyCount "93"]
[GameId "2138022317494285"]
[EventDate "2025.01.09"]
[EventType "swiss"]
[EventRounds "5"]
[EventCountry "CAN"]

1. Nf3 Nc6 2. d4 d5 3. Bg5 h6 4. Bh4 g5 5. Bg3 Nf6 6. Nc3 Nh5 7. e4 Nxg3 8. hxg3 dxe4 9. Nxe4 Bg4 10. c3 a6 11. Nexg5 Qd5 12. Be2 Bg7 13. Nh3 O-O-O 14. c4 Qa5+ 15. Kf1 Bxf3 16. gxf3 Bxd4 17. Qc2 Nb4 18. Qb3 Bf6 19. Kg2 Rd2 20. a3 Rxb2 21. axb4 Rxb3 22. Rxa5 Rxb4 23. Rd1 Rb2 24. Kf1 e6 25. Nf4 Rd8 26. Rxd8+ Bxd8 27. Ra1 Bf6 28. Rd1 Bg5 29. Nd3 Rc2 30. Ne5 f6 31. Nd7 a5 32. f4 Bxf4 33. gxf4 Rc3 34. Nxf6 Rh3 35. Bg4 Rh1+ 36. Ke2 Rxd1 37. Kxd1 Kd8 38. Ng8 Kd7 39. Nxh6 Ke7 40. f5 exf5 41. Nxf5+ Kf6 42. Ne3 Ke5 43. Kc2 b6 44. Bd7 Kf4 45. Nd5+ Kf3 46. Nxc7 Kxf2 47. Nd5 1-0

[Event "Montcalm 4 2024-25"]
[Site "Quebec CAN"]
[Date "2025.01.23"]
[Round "3"]
[White "Perreault, Jacquelin"]
[Black "Miskic, Zdenko"]
[Result "1-0"]
[WhiteElo "1754"]
[BlackElo "1546"]
[WhiteFideId "-1"]
[WhiteFideId "-1"]
[PlyCount "49"]
[GameId "2138022317494283"]
[EventDate "2025.01.09"]
[EventType "swiss"]
[EventRounds "5"]
[EventCountry "CAN"]

1. e4 c6 2. d4 d5 3. Nd2 dxe4 4. Nxe4 Bf5 5. Ng3 Bg6 6. h4 h6 7. h5 Bh7 8. Nf3 e6 9. Bd3 Bxd3 10. Qxd3 Nd7 11. Bd2 Ngf6 12. O-O-O c5 13. Kb1 Nd5 14. a3 Be7 15. Ne4 Qc7 16. dxc5 Nxc5 17. Nxc5 Bxc5 18. Qb5+ Ke7 19. c4 a6 20. Qb3 Nf6 21. Bb4 b6 22. Rhe1 Rhd8 23. Nd4 Rd6 24. Nf5+ Kd7 25. Nxd6 1-0

[Event "Montcalm 4 2024-25"]
[Site "Quebec CAN"]
[Date "2025.01.23"]
[Round "3"]
[White "Poliquin, Yvon"]
[Black "Plante, Rejean"]
[Result "1/2-1/2"]
[WhiteElo "1838"]
[BlackElo "1984"]
[WhiteFideId "-1"]
[WhiteFideId "-1"]
[PlyCount "109"]
[GameId "2138022317494272"]
[EventDate "2025.01.09"]
[EventType "swiss"]
[EventRounds "5"]
[EventCountry "CAN"]

1. e4 c5 2. Nf3 e6 3. d4 cxd4 4. Nxd4 a6 5. Nc3 Qc7 6. Bd3 Nf6 7. O-O Nc6 8. Nxc6 bxc6 9. Qe2 Be7 10. f4 d5 11. e5 Nd7 12. Qg4 g6 13. Be2 a5 14. a4 Ba6 15. Be3 Bxe2 16. Qxe2 Rb8 17. Nd1 c5 18. c4 d4 19. Bd2 O-O 20. Qe1 Ra8 21. Nf2 Rfb8 22. Nd3 Rb3 23. Rf3 Qb7 24. Qc1 Qe4 25. Nf2 Qb7 26. Rxb3 Qxb3 27. Ra3 Qb7 28. Qc2 Rb8 29. Nd3 Bd8 30. Qd1 Qa6 31. b3 Qc6 32. Qe1 Ra8 33. Ra1 Bc7 34. Nf2 f5 35. Nh3 Bd8 36. Nf2 Rb8 37. Rb1 Ra8 38. Rd1 Qb7 39. Rb1 Nb8 40. Nd3 Qe7 41. Qe2 Nc6 42. Qf3 Rc8 43. Kh1 Qf8 44. Rg1 Be7 45. Re1 Kh8 46. Kg1 Qe8 47. Kf2 Bh4+ 48. g3 Be7 49. Ke2 Rb8 50. Rb1 Qd7 51. Kd1 Qc7 52. Kc2 Qb7 53. Kd1 Nd8 54. Qxb7 Nxb7 55. Kc2 1/2-1/2

[Event "Montcalm 4 2024-25"]
[Site "Quebec CAN"]
[Date "2025.01.23"]
[Round "3"]
[White "Sarra-Bournet, Marc"]
[Black "Lavoie, Alexis"]
[Result "0-1"]
[WhiteElo "1837"]
[BlackElo "1641"]
[WhiteFideId "-1"]
[WhiteFideId "-1"]
[PlyCount "84"]
[GameId "2138022317494279"]
[EventDate "2025.01.09"]
[EventType "swiss"]
[EventRounds "5"]
[EventCountry "CAN"]

1. e4 e5 2. Nf3 Nc6 3. Bb5 a6 4. Ba4 Nf6 5. O-O b5 6. Bb3 Bc5 7. d3 d6 8. c3 Bb6 9. Bg5 h6 10. Bxf6 Qxf6 11. Nbd2 Ne7 12. a4 Rb8 13. axb5 axb5 14. Bd5 c6 15. Ba2 O-O 16. d4 Bg4 17. Qe1 Kh8 18. h3 Be6 19. d5 cxd5 20. exd5 Bf5 21. Ne4 Qg6 22. Nh4 Qh7 23. Nxd6 Bd3 24. Bb1 Bxb1 25. Rxb1 f6 26. Rd1 g5 27. Nf3 Bc7 28. Ne4 Ng6 29. d6 Bb6 30. b3 f5 31. Ng3 g4 32. hxg4 fxg4 33. Nxe5 Rbe8 34. Rd5 Nf4 35. Rxb5 Nd3 36. Qe4 Qxe4 37. Nxe4 Rxe5 38. Rxb6 Rxe4 39. d7 Nf4 40. Rxh6+ Kg7 41. Rd6 Ne2+ 42. Kh2 Rh8+ 0-1

[Event "Montcalm 4 2024-25"]
[Site "Quebec CAN"]
[Date "2025.01.23"]
[Round "3"]
[White "Sauve, Richard"]
[Black "Bourassa, Samuel"]
[Result "0-1"]
[WhiteElo "1846"]
[BlackElo "2058"]
[WhiteFideId "-1"]
[WhiteFideId "-1"]
[PlyCount "82"]
[GameId "2138022317260799"]
[EventDate "2025.01.09"]
[EventType "swiss"]
[EventRounds "5"]
[EventCountry "CAN"]

1. d4 f5 2. c4 Nf6 3. Nc3 d6 4. Nf3 g6 5. g3 Bg7 6. Bg2 O-O 7. O-O c6 8. d5 e5 9. dxe6 Bxe6 10. Qd3 Na6 11. Ng5 Qe7 12. Nxe6 Qxe6 13. Bf4 Rad8 14. e3 Nc5 15. Qe2 h6 16. h4 Nfe4 17. Nxe4 fxe4 18. f3 Qe7 19. g4 Qxh4 20. fxe4 Rfe8 21. Rad1 Nxe4 22. Bxe4 Rxe4 23. Qf3 d5 24. cxd5 cxd5 25. Rxd5 Rxd5 26. Qxe4 Qxg4+ 27. Qg2 Qe6 28. Qf3 Rd7 29. b3 Rf7 30. Qe2 b5 31. Qxb5 Qg4+ 32. Kh2 Rf5 33. Qc4+ Kh7 34. Kh1 Qh3+ 35. Kg1 g5 36. Qe4 Qg4+ 37. Kh2 gxf4 38. Rxf4 Be5 39. Qb7+ Qg7 40. Qe4 Bxf4+ 41. exf4 Qg6 0-1

[Event "Montcalm 4 2024-25"]
[Site "Quebec CAN"]
[Date "2025.01.23"]
[Round "3"]
[White "Tremblay, Noah"]
[Black "Marquis, Paul"]
[Result "0-1"]
[WhiteElo "1566"]
[BlackElo "1888"]
[WhiteFideId "-1"]
[WhiteFideId "-1"]
[PlyCount "64"]
[GameId "2138022317494278"]
[EventDate "2025.01.09"]
[EventType "swiss"]
[EventRounds "5"]
[EventCountry "CAN"]

1. e4 e6 2. d4 d5 3. exd5 exd5 4. c4 Nf6 5. Nf3 Nc6 6. Nc3 Be7 7. Be2 O-O 8. O-O Be6 9. Bg5 Ne4 10. Bxe7 Nxe7 11. cxd5 Nxc3 12. bxc3 Nxd5 13. Qd2 Nb6 14. Rab1 Rb8 15. Ne5 Bd5 16. Bf3 h6 17. Bxd5 Qxd5 18. Nf3 Nc4 19. Qd3 b5 20. Rfe1 Rfe8 21. h3 a5 22. Nd2 Nd6 23. Rec1 c5 24. Nf3 c4 25. Qc2 Re4 26. Ne5 Rf4 27. g3 Rf5 28. g4 Rf4 29. Qd2 g5 30. Nd7 Ne4 31. Qe3 Qxd7 32. f3 Nd6 0-1

[Event "Montcalm 4 2024-25"]
[Site "Quebec CAN"]
[Date "2025.01.23"]
[Round "3"]
[White "Verge, Leo"]
[Black "Bergeron, Nicolas"]
[Result "0-1"]
[WhiteElo "1600"]
[BlackElo "1768"]
[WhiteFideId "-1"]
[WhiteFideId "-1"]
[PlyCount "64"]
[GameId "2138022317494282"]
[EventDate "2025.01.09"]
[EventType "swiss"]
[EventRounds "5"]
[EventCountry "CAN"]

1. e4 c5 2. Nf3 d6 3. d4 cxd4 4. Nxd4 Nf6 5. Nc3 a6 6. Be3 e5 7. Nb3 Be6 8. f3 Be7 9. Qd2 O-O 10. g4 b5 11. O-O-O Nbd7 12. g5 b4 13. Ne2 Ne8 14. h4 a5 15. Kb1 Nb6 16. Ng3 Nc4 17. Bxc4 Bxc4 18. Nf5 Be6 19. Nxe7+ Qxe7 20. f4 exf4 21. Bxf4 Bg4 22. Bxd6 Nxd6 23. Qxd6 Qxe4 24. Rde1 Qg2 25. Rhg1 Qf2 26. Ref1 Qe2 27. Nd4 Qc4 28. Qf4 Bh5 29. b3 Qc5 30. Nf5 Rac8 31. Rf2 Rfe8 32. Qd6 Qxf2 0-1

[Event "Montcalm 4 2024-25"]
[Site "Quebec CAN"]
[Date "2025.01.30"]
[Round "4"]
[White "Auger, Bertrand"]
[Black "Lapierre, Gaetan"]
[Result "1-0"]
[WhiteElo "1883"]
[BlackElo "1697"]
[WhiteFideId "-1"]
[WhiteFideId "-1"]
[PlyCount "71"]
[GameId "2140681548142374"]
[EventDate "2025.01.09"]
[EventType "swiss"]
[EventRounds "5"]
[EventCountry "CAN"]

1. Nf3 d5 2. g3 Nd7 3. d4 Ngf6 4. Bg2 e6 5. O-O Be7 6. c4 O-O 7. Qc2 c6 8. Nbd2 c5 9. b3 cxd4 10. cxd5 Nxd5 11. Nxd4 Nc5 12. Ba3 Na6 13. Bxe7 Qxe7 14. Rac1 Ndb4 15. Qb2 e5 16. N4f3 e4 17. Ne5 f5 18. a3 Nd5 19. b4 Be6 20. e3 Rf6 21. Nb3 g5 22. Rfd1 g4 23. Qd4 Nf4 24. exf4 Bxb3 25. Rd2 Be6 26. Bf1 Rc8 27. Rxc8+ Bxc8 28. Qxa7 Rd6 29. Rc2 Be6 30. b5 Rd1 31. bxa6 Qd6 32. Qa8+ Kg7 33. Qxb7+ Kh6 34. Qb5 e3 35. Nxg4+ Kg7 36. Nxe3 1-0

[Event "Montcalm 4 2024-25"]
[Site "Quebec CAN"]
[Date "2025.01.30"]
[Round "4"]
[White "Bergeron, Nicolas"]
[Black "Gaulin, Gaetan"]
[Result "1/2-1/2"]
[WhiteElo "1768"]
[BlackElo "1921"]
[WhiteFideId "-1"]
[WhiteFideId "-1"]
[PlyCount "71"]
[GameId "2140681548142370"]
[EventDate "2025.01.09"]
[EventType "swiss"]
[EventRounds "5"]
[EventCountry "CAN"]

1. e4 c6 2. d4 d5 3. e5 Bf5 4. Nf3 e6 5. Be2 c5 6. c4 dxc4 7. O-O Nc6 8. Be3 cxd4 9. Nxd4 Nge7 10. f4 Nxd4 11. Bxd4 Nc6 12. Be3 Bd3 13. Nd2 Bxe2 14. Qxe2 Qd3 15. Qxd3 cxd3 16. Ne4 Be7 17. Rfd1 Rd8 18. Rac1 f6 19. exf6 gxf6 20. Rc3 Kf7 21. Rcxd3 Rxd3 22. Rxd3 f5 23. Nd6+ Bxd6 24. Rxd6 Re8 25. Bc5 Re7 26. Rd3 Rc7 27. Rh3 Kg6 28. Rc3 Rd7 29. Rg3+ Kf7 30. Kf1 a6 31. Bf2 Nb4 32. Rh3 Kg6 33. Rg3+ Kf7 34. Rh3 Kg6 35. Rg3+ Kf7 36. Rh3 1/2-1/2

[Event "Montcalm 4 2024-25"]
[Site "Quebec CAN"]
[Date "2025.01.30"]
[Round "4"]
[White "Boissinot, Claude"]
[Black "Sarra-Bournet, Marc"]
[Result "0-1"]
[WhiteElo "1463"]
[BlackElo "1837"]
[WhiteFideId "-1"]
[WhiteFideId "-1"]
[PlyCount "62"]
[GameId "2140681548146475"]
[EventDate "2025.01.09"]
[EventType "swiss"]
[EventRounds "5"]
[EventCountry "CAN"]

1. e4 e5 2. Nf3 Nc6 3. Bc4 Bc5 4. b4 Bxb4 5. c3 Ba5 6. O-O Nf6 7. d4 O-O 8. Bg5 Qe7 9. Bb5 d6 10. h3 Bd7 11. d5 Nb8 12. Bd3 c5 13. Nh2 h6 14. Bh4 g5 15. Bg3 c4 16. Bc2 Na6 17. Qf3 Nc5 18. Nd2 b5 19. Rae1 Rac8 20. h4 g4 21. Qe3 Kh7 22. f4 Nd3 23. Bxd3 Bb6 24. Bb1 Bxe3+ 25. Rxe3 Nh5 26. Be1 Nxf4 27. Bf2 Rg8 28. Be1 Rg7 29. g3 Rcg8 30. gxf4 g3 31. Bxg3 Rxg3+ 0-1

[Event "Montcalm 4 2024-25"]
[Site "Quebec CAN"]
[Date "2025.01.30"]
[Round "4"]
[White "Bourassa, Samuel"]
[Black "Rainfray, Arnaud"]
[Result "0-1"]
[WhiteElo "2058"]
[BlackElo "2354"]
[WhiteFideId "-1"]
[WhiteFideId "-1"]
[PlyCount "86"]
[GameId "2140681548105502"]
[EventDate "2025.01.09"]
[EventType "swiss"]
[EventRounds "5"]
[EventCountry "CAN"]

1. e4 c6 2. d4 g6 3. c4 d5 4. Nc3 dxe4 5. Nxe4 Bg7 6. Be3 Nh6 7. Qd2 Nf5 8. Nf3 O-O 9. Be2 Nxe3 10. Qxe3 Bg4 11. Ned2 Re8 12. O-O e5 13. dxe5 Nd7 14. Qf4 Nxe5 15. Rfe1 Bf5 16. Nf1 Qb6 17. Ng3 Bd3 18. Rad1 Bxe2 19. Rxe2 Nxf3+ 20. Qxf3 Rxe2 21. Qxe2 Qxb2 22. Qxb2 Bxb2 23. Rb1 Bd4 24. Rxb7 Re8 25. Kf1 Bb6 26. Rd7 Re5 27. Rd2 h5 28. Re2 Ra5 29. Ne4 Kg7 30. h4 Bd4 31. g3 Rf5 32. f4 Ra5 33. Kg2 Ra4 34. Rc2 Kf8 35. Nd2 Ke7 36. Nb3 Bf6 37. Kf3 Ra3 38. Ke4 a5 39. Rg2 a4 40. Nd4 Kd6 41. Nf3 Bg7 42. Ne5 f5+ 43. Kd4 c5# 0-1

[Event "Montcalm 4 2024-25"]
[Site "Quebec CAN"]
[Date "2025.01.30"]
[Round "4"]
[White "Burigusa, Guillaume"]
[Black "Yergeau, Samuel"]
[Result "0-1"]
[WhiteElo "1134"]
[BlackElo "1266"]
[WhiteFideId "-1"]
[WhiteFideId "-1"]
[PlyCount "58"]
[GameId "2140681548146478"]
[EventDate "2025.01.09"]
[EventType "swiss"]
[EventRounds "5"]
[EventCountry "CAN"]

1. e4 e5 2. Nf3 Nc6 3. d4 exd4 4. Nxd4 Qf6 5. c3 Bc5 6. Bb5 Bxd4 7. cxd4 Nxd4 8. Bd3 Ne7 9. O-O d6 10. h3 Qg6 11. e5 Bf5 12. Bxf5 Ndxf5 13. exd6 cxd6 14. Qa4+ Nc6 15. Re1+ Nfe7 16. Nc3 O-O 17. Bf4 Nf5 18. Nb5 d5 19. Nc7 Rad8 20. Red1 d4 21. Nb5 a6 22. Na3 d3 23. Qb3 Rd4 24. Bd2 Nh4 25. g3 Ne5 26. Bc3 Nhf3+ 27. Kg2 Qe4 28. Qb6 Nh4+ 29. Kf1 Qh1# 0-1

[Event "Montcalm 4 2024-25"]
[Site "Quebec CAN"]
[Date "2025.01.30"]
[Round "4"]
[White "Demushkina, Alina"]
[Black "Cournoyer, Dominic"]
[Result "0-1"]
[WhiteElo "1783"]
[BlackElo "1909"]
[WhiteFideId "-1"]
[WhiteFideId "-1"]
[PlyCount "94"]
[GameId "2140681548142369"]
[EventDate "2025.01.09"]
[EventType "swiss"]
[EventRounds "5"]
[EventCountry "CAN"]

1. e4 c6 2. d4 d5 3. Bd3 dxe4 4. Bxe4 Nf6 5. Bf3 g6 6. Ne2 Bg7 7. Nbc3 O-O 8. O-O Nbd7 9. Ng3 Nb6 10. Nce2 Nc4 11. b3 Nd6 12. c3 Re8 13. Re1 h5 14. Nf4 h4 15. Nf1 Nf5 16. Ne3 Qc7 17. Nd3 Rd8 18. Nxf5 Bxf5 19. Bf4 Qa5 20. Qc2 Nd5 21. Bxd5 Qxd5 22. Qe2 h3 23. f3 Bxd3 24. Qxd3 hxg2 25. Kxg2 e5 26. c4 Qxd4 27. Qxd4 exd4 28. c5 Re8 29. Kf2 f5 30. Rad1 Kf7 31. b4 Bf6 32. Bd6 Rad8 33. Rxe8 Rxe8 34. a3 Re3 35. Ra1 Ke6 36. Re1 Rxe1 37. Kxe1 Kd5 38. Kd2 Kc4 39. f4 Bh4 40. Be5 Bf2 41. Kc2 Be3 42. h3 d3+ 43. Kb2 Bd4+ 44. Kc1 Bxe5 45. fxe5 Kd5 46. Kd2 Kxe5 47. Kxd3 Kf4 0-1

[Event "Montcalm 4 2024-25"]
[Site "Quebec CAN"]
[Date "2025.01.30"]
[Round "4"]
[White "Drolet, Stephane"]
[Black "Poliquin, Yvon"]
[Result "1/2-1/2"]
[WhiteElo "2046"]
[BlackElo "1838"]
[WhiteFideId "-1"]
[WhiteFideId "-1"]
[PlyCount "150"]
[GameId "2140681548134175"]
[EventDate "2025.01.09"]
[EventType "swiss"]
[EventRounds "5"]
[EventCountry "CAN"]

1. e4 e5 2. Nf3 Nc6 3. Bb5 a6 4. Bxc6 bxc6 5. d3 d6 6. Nbd2 Be7 7. Nc4 Bf6 8. b3 Bg4 9. h3 Be6 10. Ne3 g6 11. h4 h5 12. c3 Nh6 13. Nc2 Bg4 14. Be3 Bxf3 15. Qxf3 Ng4 16. g3 a5 17. a4 c5 18. Na3 c6 19. Bd2 Rb8 20. Rb1 d5 21. Qe2 Bg7 22. f3 Nf6 23. O-O O-O 24. Kg2 Re8 25. Bg5 Qd6 26. Bc1 Re7 27. Qa2 Reb7 28. c4 dxe4 29. dxe4 Qd3 30. Bd2 Rxb3 31. Bxa5 Rxb1 32. Rxb1 Ra8 33. Rb3 Qd1 34. Bb6 Nd7 35. a5 Bh6 36. Qc2 Qe1 37. Qd3 Qa1 38. Nc2 Qa2 39. Ra3 Qb2 40. Qb3 Qc1 41. Qd3 Qd2+ 42. Qxd2 Bxd2 43. Rd3 Nxb6 44. axb6 Bc1 45. b7 Rb8 46. Rd7 Bb2 47. Kf2 Kg7 48. Ke2 Bc3 49. Kd3 Ba5 50. Na1 Kf6 51. Rd6+ Ke7 52. Rxc6 Rxb7 53. Rxc5 Bc7 54. Rb5 Ra7 55. Nc2 Bd6 56. c5 Bc7 57. Rb3 Kd7 58. Kc4 Ra2 59. Rd3+ Kc8 60. Kb3 Ra5 61. Kb4 Ra2 62. Kb3 Ra5 63. Rd5 Rb5+ 64. Kc4 Rb2 65. Kc3 Rb1 66. Ne3 Rg1 67. g4 Rg3 68. gxh5 gxh5 69. Nf5 Rxf3+ 70. Kc4 Rf4 71. Kd3 Rf3+ 72. Kc4 Rf4 73. Kd3 Rf3+ 74. Kc4 Rf4 75. Kd3 Rf3+ 1/2-1/2

[Event "Montcalm 4 2024-25"]
[Site "Quebec CAN"]
[Date "2025.01.30"]
[Round "4"]
[White "Fecteau, Martin"]
[Black "Sauve, Richard"]
[Result "0-1"]
[WhiteElo "1744"]
[BlackElo "1846"]
[WhiteFideId "-1"]
[WhiteFideId "-1"]
[PlyCount "80"]
[GameId "2140681548142371"]
[EventDate "2025.01.09"]
[EventType "swiss"]
[EventRounds "5"]
[EventCountry "CAN"]

1. d4 e6 2. e4 d5 3. Nc3 Nf6 4. e5 Nfd7 5. Nce2 c5 6. c3 Nc6 7. f4 Be7 8. Nf3 O-O 9. Ng3 Qb6 10. Bd3 cxd4 11. cxd4 Bb4+ 12. Kf1 Be7 13. h4 f5 14. Ne2 Re8 15. h5 Nf8 16. g3 Bd7 17. Rg1 Nb4 18. Bb1 Bb5 19. a3 Nc6 20. g4 Bxe2+ 21. Kxe2 fxg4 22. Rxg4 Bd8 23. Qg1 Re7 24. Bd3 Rc8 25. Rb1 Rf7 26. Be3 Na5 27. f5 exf5 28. Bxf5 Rcc7 29. Bd3 Nc4 30. Bg5 Bxg5 31. Nxg5 Rfe7 32. Qg2 Qc6 33. Rc1 Qd7 34. Rf4 Nxe5 35. Rxc7 Nxd3+ 36. Kxd3 Qb5+ 37. Kd2 Rxc7 38. Rxf8+ Kxf8 39. Ne6+ Kg8 40. Ke3 Re7 0-1

[Event "Montcalm 4 2024-25"]
[Site "Quebec CAN"]
[Date "2025.01.30"]
[Round "4"]
[White "Fortin, Claude"]
[Black "Verge, Leo"]
[Result "1-0"]
[WhiteElo "1424"]
[BlackElo "1600"]
[WhiteFideId "-1"]
[WhiteFideId "-1"]
[PlyCount "131"]
[GameId "2140681548146476"]
[EventDate "2025.01.09"]
[EventType "swiss"]
[EventRounds "5"]
[EventCountry "CAN"]

1. e4 e5 2. Nf3 Nc6 3. Bb5 a6 4. Ba4 Nf6 5. d3 b5 6. Bb3 Be7 7. a3 O-O 8. O-O d5 9. exd5 Nxd5 10. Nc3 Nxc3 11. bxc3 Bg4 12. h3 Bh5 13. Be3 Bf6 14. Bc5 Re8 15. g4 Bg6 16. Rb1 e4 17. dxe4 Bxc3 18. Qd3 Qxd3 19. cxd3 Rad8 20. Rfd1 Nd4 21. Nxd4 Bxd4 22. Bxd4 Rxd4 23. f4 h6 24. f5 Bh7 25. Rbc1 Rd7 26. Bd5 Red8 27. Rc6 a5 28. Rdc1 Rc8 29. R1c5 b4 30. axb4 axb4 31. Rb5 Kf8 32. Rxb4 Bg8 33. Rbc4 f6 34. Bxg8 Kxg8 35. d4 Re8 36. d5 Rde7 37. Re6 Kf7 38. Kf2 Rc8 39. Kf3 Rxe6 40. dxe6+ Ke7 41. Rd4 c5 42. Rd7+ Kf8 43. Ke3 c4 44. Kd2 Ra8 45. Kc3 Ra3+ 46. Kxc4 Rxh3 47. Rd3 Rxd3 48. Kxd3 Ke7 49. Kc4 g6 50. Kd5 h5 51. gxh5 gxh5 52. Kd4 Kd6 53. Ke3 h4 54. Kf3 h3 55. Kg3 Ke5 56. e7 Kxe4 57. e8=Q+ Kxf5 58. Kxh3 Kg5 59. Qg8+ Kh5 60. Qg4+ Kh6 61. Qf5 Kg7 62. Kg4 Kf7 63. Kh5 Kg7 64. Qd7+ Kh8 65. Kg6 f5 66. Qg7# 1-0

[Event "Montcalm 4 2024-25"]
[Site "Quebec CAN"]
[Date "2025.01.30"]
[Round "4"]
[White "Gagnon, Alain"]
[Black "Mungroo, Dharmein"]
[Result "1-0"]
[WhiteElo "1597"]
[BlackElo "1536"]
[WhiteFideId "-1"]
[WhiteFideId "-1"]
[PlyCount "65"]
[GameId "2140681548146474"]
[EventDate "2025.01.09"]
[EventType "swiss"]
[EventRounds "5"]
[EventCountry "CAN"]

1. d4 e5 2. d5 f5 3. c4 Bc5 4. Nc3 Nf6 5. h3 e4 6. Bg5 O-O 7. e3 d6 8. Bxf6 Qxf6 9. Nge2 a6 10. Qd2 Bb4 11. a3 Ba5 12. b4 Bb6 13. Rb1 Nd7 14. Nf4 Ne5 15. Be2 Bd7 16. h4 Rad8 17. Kd1 Bc8 18. Kc2 Ba7 19. Rh3 c6 20. Rbh1 Ng4 21. Bxg4 fxg4 22. R3h2 Bf5 23. g3 c5 24. b5 Rb8 25. a4 Bb6 26. Na2 Qd8 27. Ne6 Bxe6 28. dxe6 Ba5 29. Qd5 Rf3 30. e7+ Kh8 31. exd8=Q+ Rxd8 32. Qxe4 axb5 33. axb5 1-0

[Event "Montcalm 4 2024-25"]
[Site "Quebec CAN"]
[Date "2025.01.30"]
[Round "4"]
[White "Huxley, Zachary"]
[Black "Dumont, Eric"]
[Result "1/2-1/2"]
[WhiteElo "1500"]
[BlackElo "1695"]
[WhiteFideId "-1"]
[WhiteFideId "-1"]
[PlyCount "56"]
[GameId "2140681548142376"]
[EventDate "2025.01.09"]
[EventType "swiss"]
[EventRounds "5"]
[EventCountry "CAN"]

1. e4 c6 2. Nf3 d5 3. Nc3 dxe4 4. Nxe4 Bf5 5. Ng3 Bg6 6. Bc4 Nd7 7. O-O Ngf6 8. Re1 Nd5 9. d4 h6 10. a3 e6 11. Bb3 b5 12. Qe2 Be7 13. Bxd5 cxd5 14. Qxb5 O-O 15. Qe2 Rc8 16. c3 Bd6 17. Qa6 Qc7 18. Qe2 Nb6 19. Nh4 Bh7 20. Qg4 Kh8 21. Nh5 f5 22. Qe2 Rce8 23. Nf3 Qf7 24. Nf4 Nd7 25. Qa6 Nb6 26. Qe2 Nd7 27. Qa6 Nb6 28. Qe2 Nd7 1/2-1/2

[Event "Montcalm 4 2024-25"]
[Site "Quebec CAN"]
[Date "2025.01.30"]
[Round "4"]
[White "Laflamme, Simon"]
[Black "Dube, Dominic"]
[Result "0-1"]
[WhiteElo "1739"]
[BlackElo "1776"]
[WhiteFideId "-1"]
[WhiteFideId "-1"]
[PlyCount "84"]
[GameId "2140681548142373"]
[EventDate "2025.01.09"]
[EventType "swiss"]
[EventRounds "5"]
[EventCountry "CAN"]

1. d4 c6 2. c4 d5 3. Nc3 Nf6 4. cxd5 cxd5 5. Bf4 Nc6 6. e3 a6 7. Bd3 Qb6 8. a3 e6 9. Nf3 Bd7 10. O-O Ne7 11. Ne5 Ng6 12. Nxg6 hxg6 13. b4 Bd6 14. Na4 Bxa4 15. Qxa4+ Ke7 16. Bxd6+ Qxd6 17. g3 Ng4 18. h4 Rxh4 19. Kg2 Rh2+ 20. Kf3 f5 21. Rac1 e5 22. dxe5 Nxe5+ 23. Ke2 Nxd3 24. Kxd3 Qe5 25. Qa5 Rd8 26. Rc7+ Rd7 27. Qc5+ Qd6 28. Rxd7+ Kxd7 29. Kd4 Ke6 30. Qc8+ Kf6 31. Qxb7 Qe5+ 32. Kd3 Qe4+ 33. Kd2 Qc4 34. Qb6+ Kg5 35. Ke1 Qc3+ 36. Ke2 Qc2+ 37. Ke1 Qd3 38. Qd8+ Kg4 39. Qd6 g5 40. f3+ Kh3 41. Rf2 Qb1+ 42. Ke2 Qc2+ 0-1